| 000 | 00756cam a22002417a 4500 | ||
|---|---|---|---|
| 001 | 12099293 | ||
| 003 | OSt | ||
| 005 | 20230704150532.0 | ||
| 008 | 000707s1999 no a b 000 0 eng | ||
| 010 | _a 00391123 | ||
| 020 | _a8290584407 | ||
| 040 |
_aDLC _cDLC |
||
| 082 |
_a364.1 _bAMU |
||
| 100 | 1 | _aAmundsen, Inge. | |
| 245 | 1 | 0 |
_aPolitical corruption : _ban introduction to the issues / _cInge Amundsen. |
| 260 |
_aBergen : _bChr. Michelsen Institute, _cc1999. |
||
| 300 |
_aiv, 32 p. : _bill. ; _c30 cm. |
||
| 490 | 0 |
_aWorking paper, _x0804-3639 ; _vWP 1999:7 |
|
| 504 | _aIncludes bibliographical references (p. 30). | ||
| 906 |
_a7 _bcbc _corignew _d4 _encip _f20 _gy-gencatlg |
||
| 942 |
_2ddc _cBK |
||
| 999 |
_c3889 _d3889 |
||